| 000 | 00942nac a22002657a 4500 | ||
|---|---|---|---|
| 001 | BR8502217 | ||
| 003 | BR-BrBNA | ||
| 005 | 20240105120311.0 | ||
| 008 | 230509b bl.|||m| |||| 00| 0 por d | ||
| 040 |
_aBR-BrBNA _bpor _cBiblioteca Nacional de Agricultura |
||
| 072 | _aH60; F40 | ||
| 090 | _a0430 BR8502217 | ||
| 100 | 1 | _aBeltrao, N.E. de M. | |
| 110 | 1 |
_aCentro Nacional de Pesquisa do Algodao, Campina Grande, PB (Brasil) _91702 |
|
| 245 | 1 | _aCompeticao entre plantas, especialmente no complexo cultura-planta daninha [algodao] | |
| 260 | 3 |
_aCampina Grande, PB (Brasil): _c1984. |
|
| 300 | _a44 p. | ||
| 490 |
_aDocumentos - Centro Nacional de Pesquisa do Algodao (Brazil) _vno. 31 _x |
||
| 500 | _a11 illus.; 3 tables; Bibliography p. 39-44 (56 ref.); Summary (Pt) | ||
| 650 | _aERVA DANINHA | ||
| 650 | _aALGODAO | ||
| 650 | _aECOLOGIA VEGETAL | ||
| 909 |
_a202312 _bLúcia Elande _c55 _dLúcia Elande |
||
| 942 |
_2AGRIS _n0 _cMS |
||
| 999 |
_c278748 _d278748 |
||